Catálogo
 En Linea

Diccionario jurídico inmobiliario registral / (Registro nro. 49856)

Detalles MARC
000 -CABECERA
campo de control de longitud fija 00891nam a22002537a 4500
003 - IDENTIFICADOR DEL NÚMERO DE CONTROL
campo de control DO-SdBNP
005 - FECHA Y HORA DE LA ÚLTIMA TRANSACCIÓN
campo de control 20250430150718.0
007 - CAMPO FIJO DE DESCRIPCIÓN FÍSICA--INFORMACIÓN GENERAL
campo de control de longitud fija ta
008 - DATOS DE LONGITUD FIJA--INFORMACIÓN GENERAL
campo de control de longitud fija 210527e2020 dr ||||frd||| 00| 0 spa d
020 ## - NÚMERO INTERNACIONAL ESTÁNDAR DEL LIBRO
Número Internacional Estándar del Libro 9789945618211
040 ## - FUENTE DE LA CATALOGACIÓN
Centro catalogador/agencia de origen DO-SdBNP
Lengua de catalogación spa
Centro/agencia transcriptor BNPHU
041 ## - CÓDIGO DE LENGUA
Código de lengua original spa
082 #4 - NÚMERO DE LA CLASIFICACIÓN DECIMAL DEWEY
Número de clasificación 346.7293043003
Número de documento/Ítem G633d
Número de edición 22
100 ## - ENTRADA PRINCIPAL--NOMBRE DE PERSONA
Nombre de persona Gómez, Wilson,
Fechas asociadas al nombre 1953-
9 (RLIN) 33819
245 10 - MENCIÓN DE TÍTULO
Título Diccionario jurídico inmobiliario registral /
Mención de responsabilidad, etc. Wilson Gómez ; prólogo Jorge A. Subero Isa.
260 ## - PUBLICACIÓN, DISTRIBUCIÓN, ETC.
Lugar de publicación, distribución, etc. Santo Domingo :
Nombre del editor, distribuidor, etc. Amigo del Hogar,
Fecha de publicación, distribución, etc. 2020.
300 ## - DESCRIPCIÓN FÍSICA
Extensión 151 p. ;
Dimensiones 24 cm.
590 ## - NOTA LOCAL (RLIN)
Nota local Inventariado, 2021/MF
650 #4 - PUNTO DE ACCESO ADICIONAL DE MATERIA--TÉRMINO DE MATERIA
Término de materia o nombre geográfico como elemento de entrada Bienes raíces
Subdivisión general Legislación
Subdivisión de forma Diccionarios
Subdivisión general Español
9 (RLIN) 80351
650 #4 - PUNTO DE ACCESO ADICIONAL DE MATERIA--TÉRMINO DE MATERIA
Término de materia o nombre geográfico como elemento de entrada Escrituras de propiedad
Subdivisión general Legislación
Subdivisión de forma Diccionarios
Subdivisión general Español
9 (RLIN) 80352
700 1# - PUNTO DE ACCESO ADICIONAL--NOMBRE DE PERSONA
Nombre de persona Subero Isa, Jorge A.,
Fechas asociadas al nombre 1947-
Término indicativo de función/relación pról.
9 (RLIN) 76863
910 ## - DATOS DE OPCIÓN DEL USUARIO (OCLC)
Datos de opción del usuario Mfeliz /Validado. Control de calidad MFF
942 ## - ELEMENTOS DE PUNTO DE ACCESO ADICIONAL (KOHA)
Fuente del sistema de clasificación o colocación Dewey Decimal Classification
Tipo de ítem Koha Libro
Existencias
Estado de retiro Estado de pérdida Fuente del sistema de clasificación o colocación Restricciones de uso No para préstamo Código de colección Localización permanente Ubicación/localización actual Ubicación en estantería Fecha de adquisición Fuente de adquisición Signatura topográfica completa Código de barras Fecha visto por última vez Precio válido a partir de Tipo de ítem Koha Número de copia
    Dewey Decimal Classification Préstamo restringido   Dominicana en Servicio Referencia Biblioteca Nacional Pedro Henríquez Ureña Biblioteca Nacional Pedro Henríquez Ureña Depósito 30.04.2021 Depósito Legal BNPHU R-PD 346.7293043003 G633d 2021-1851 27.05.2021 27.05.2021 Libro  
    Dewey Decimal Classification Préstamo restringido   Dominicana en Servicio Referencia Biblioteca Nacional Pedro Henríquez Ureña Biblioteca Nacional Pedro Henríquez Ureña Depósito 30.04.2021 Depósito Legal BNPHU R-PD 346.7293043003 G633d 2021-1852 27.05.2021 27.05.2021 Libro e.2
    Dewey Decimal Classification Préstamo en sala   Dominicana en Servicio Referencia Biblioteca Nacional Pedro Henríquez Ureña Biblioteca Nacional Pedro Henríquez Ureña Depósito 30.04.2021 Depósito Legal BNPHU R-DS 346.7293043003 G633d 2021-1853 27.05.2021 27.05.2021 Libro e.3

Con tecnología Koha